000 00772nam a22002532a 4500
001 31438
003 BD-RjUL
005 20211209051712.0
008 140415t1930 enk 000 0 eng d
035 _a(BD-RjUL)31526
040 _aKSU
_cKSU
_dOCL
_dEQO
_beng
041 _aeng
082 0 4 _a306.091724
_bGOR 1930
090 _aBR115.P77
_bG62x
100 1 _aGorham, Charles T.
_q(Charles Turner),
_d1856-1933.
_995662
245 1 0 _aReligion as a bar to progress /
_cby Charles T. Gorham
260 _aLondon :
_bWatts & Co,
_c1930.
300 _a55 p. ;
_c19 cm
490 1 _aThe Forum series ;
_vno. 12
650 0 _aProgress
_xReligious aspects
_xChristianity
_995663
830 0 _vno. 12
_995666
830 0 _aForum series (London, England) ;
_995665
942 _2ddc
_cBK
999 _c31438
_d31438